| 000 | 00943cam a2200313 i 4500 | ||
|---|---|---|---|
| 999 |
_c200430173 _d48099 |
||
| 001 | 200430173 | ||
| 003 | TR-AnTOB | ||
| 005 | 20241011144354.0 | ||
| 007 | ta | ||
| 008 | 180712m20121995tu e 000 0 tur d | ||
| 020 | _a9789750219443 | ||
| 040 |
_aTR-AnTOB _beng _erda _cTR-AnTOB |
||
| 041 | 0 | _atur | |
| 050 | 0 | 0 |
_aKKX758 _b.Ö4 2012 |
| 090 |
_aKKX758 _b.Ö4 2012 |
||
| 100 | 1 |
_aÖksüz, Hüseyin _eauthor _969272 |
|
| 245 | 1 | 0 |
_aKadastro ve orman mevzuatı / _cHüseyin Öksüz. |
| 250 |
_aOnbeşinci Baskı _bEylül 2012 |
||
| 264 | 1 |
_aAnkara : _bSeçkin Yayıncılık, _c2012. |
|
| 300 |
_a422 pages ; _c13x8 cm. |
||
| 336 |
_atext _2rdacontent _btxt |
||
| 337 |
_aunmediated _2rdamedia _bn |
||
| 338 |
_avolume _2rdacarrier _bnc |
||
| 490 | 0 |
_aHukuk Cep Kitapları Dizisi ; _v33 |
|
| 590 | _aDonated by Levent Kuşoğlu | ||
| 650 | 0 |
_aKadastro _zTürkiye _9106585 |
|
| 942 |
_2lcc _cBK |
||